000 02063nam a2200373 a 4500
001 000365
003 DO-SdBNP
005 20180309110940.0
007 000365
008 150130s2012 dr ac 000 0 spa d
020 _a9789945116533 (v. 2)
020 _a9789945117998 (v. 4)
040 _aBPMSU
_bspa
_cBPMSU
092 _a372.257
_bN285e, 8vo. 2012
245 0 0 _aNaturaleza 8 :
_beducación básica /
_cÁngela Segura ... [et al.] ; dirección editorial Obdulia García de Escobar
260 _aSanto Domingo :
_bSantillana,
_c2012.
300 _av. :
_bil. retrs. ;
_c28 cm.
490 1 _aInnova
500 _aLa biblioteca solamente posee la guía y el cuaderno de experimentos
505 _gv. 1
_tEl método científico --
_tSalud y enfermedad --
_tEl enlace químico --
_tLa nomenclatura química --
_tReacciones químicas --
_tEl movimiento de los cuerpos --
_tLas fuerzas y sus leyes --
_tTrabajo y energía --
_tLa luz y sus fenómenos --
_tElectricidad y magnetismo --
_tLa tecnología en la vida --
_tNociones de pecuaria --
505 _gv. 2
_tProbar una hipótesis --
_tExperimentación --
_tLos electrolitos --
_tFormación de óxidos --
_tReacciones químicas --
_tLa ley de Lavoisier I --
_tLa ley de Lavoisier II --
_tLa ley de Proust --
_tVelocidades de un móvil --
_tAceleración de la gravedad --
_tEl peso de los cuerpos --
_tSegunda ley de Newton --
_tPrincipio trabajo-energía --
_tConservación de la energía mecánica --
_tEl calidoscopio --
_tVeleta de luz --
_tElectricidad estática --
_tCircuitos en serie y paralelo --
650 4 _aCIENCIAS NATURALES
_xENSEÑANZA BÁSICA
650 4 _aCIENCIAS NATURALES
_xEDUCACIÓN PRIMARIA
650 4 _aEDUCACIÓN PRIMARIA
_zREPÚBLICA DOMINICANA
650 4 _aCIENCIAS NATURALES
_xLIBROS DE TEXTOS
650 4 _aCIENCIAS NATURALES
_xESTUDIOS Y EJERCICIOS
700 1 2 _aSegura, Ángela
700 1 2 _aGarcía de Escobar, Obdulia
_eed.
830 0 _aInnova
910 _aValidado. Control de calidad MFF
942 _2ddc
_cBK
945 _aRemanejado para BNPHU / 2018 BT
956 _aYLOCKWARD
_b10
999 _c9994
_d9994